Wales National Football Team - Statistics

General Stats
  • This quiz has been taken 854 times
    58 since last reset
  • The average score is 7 of 19
Answer Stats
Goals Caps Player % Correct
41 111 Gareth Bale
96%
21 86 Aaron Ramsey
77%
28 73 Ian Rush
63%
2 86 Ashley Williams
50%
0 109 Wayne Hennessey
48%
7 85 Gary Speed
46%
3 100 Ben Davies
40%
17 67 Harry Wilson
40%
2 77 Joe Allen
40%
16 72 Mark Hughes
35%
19 78 Craig Bellamy
33%
16 59 Cliff Jones
29%
0 92 Neville Southall
25%
0 109 Chris Gunter
19%
22 75 Dean Saunders
17%
4 77 Joe Ledley
17%
16 59 Robert Earnshaw
13%
23 38 Trevor Ford
6%
23 68 Ivor Allchurch
4%
No matching quizzes found
Score Distribution
Percent of People with Each Score
Percentile by Number Answered
Your Score History
You have not taken this quiz since the last reset